<?xml version="1.0" encoding="UTF-8"?>
<record
    xmlns:xsi="http://www.w3.org/2001/XMLSchema-instance"
    xsi:schemaLocation="http://www.loc.gov/MARC21/slim http://www.loc.gov/standards/marcxml/schema/MARC21slim.xsd"
    xmlns="http://www.loc.gov/MARC21/slim">

  <leader>01825nab a2200253 a 4500</leader>
  <controlfield tag="005">20240925070136.0</controlfield>
  <controlfield tag="008">991125c2019    sp ar p o     000 0 spa d</controlfield>
  <datafield tag="035" ind1=" " ind2=" ">
    <subfield code="a">UPN01000232121</subfield>
  </datafield>
  <datafield tag="040" ind1=" " ind2=" ">
    <subfield code="a">MX-MxUPN</subfield>
    <subfield code="b">spa</subfield>
    <subfield code="c">MX-MxUPN</subfield>
    <subfield code="e">aacr2</subfield>
  </datafield>
  <datafield tag="049" ind1=" " ind2=" ">
    <subfield code="a">ART-E</subfield>
  </datafield>
  <datafield tag="100" ind1="1" ind2=" ">
    <subfield code="a">Pimentel Santos, W&#xE9;llia</subfield>
    <subfield code="6">- welliapimentel@hotmail.com</subfield>
  </datafield>
  <datafield tag="245" ind1="1" ind2="0">
    <subfield code="a">Del movimiento femenino brasile&#xF1;o a la violencia contra la mujer en el &#xE1;mbito familiar: datos y definiciones</subfield>
    <subfield code="h">[recurso electr&#xF3;nico en l&#xED;nea]</subfield>
  </datafield>
  <datafield tag="506" ind1="0" ind2=" ">
    <subfield code="a">Acceso abierto</subfield>
  </datafield>
  <datafield tag="520" ind1="3" ind2=" ">
    <subfield code="a">Actualmente somos capaces de acompa&#xF1;ar lo que est&#xE1; sucediendo en todo el mundo. Los avances tecnol&#xF3;gicos disminuyeron distancias y acercaron a las personas. Por otro lado, ciertas transformaciones de nuestro tiempo tambi&#xE9;n crearon un enorme abismo entre ellas. Tenemos dificultades para percibir lo que est&#xE1; sucediendo a nuestro alrededor, tal como la violencia invisible que se esconde tras el prejuicio y los patrones culturales. La reflexi&#xF3;n sobre las configuraciones familiares y sus desaf&#xED;os es la propuesta de este art&#xED;culo, al que se consubstancia en autores del &#xE1;rea auxiliando la comprensi&#xF3;n de la problem&#xE1;tica de la violencia contra la mujer. Se realizar&#xE1;, por lo tanto, un estudio bibliogr&#xE1;fico de car&#xE1;cter descriptivo y cualitativo, destacando la Ley Maria da Penha como una importante garant&#xED;a en el marco de los derechos de las mujeres brasile&#xF1;as.</subfield>
  </datafield>
  <datafield tag="650" ind1=" " ind2="4">
    <subfield code="a">Violencia</subfield>
    <subfield code="9">7151</subfield>
  </datafield>
  <datafield tag="650" ind1=" " ind2="2">
    <subfield code="a">Mujeres</subfield>
    <subfield code="9">7160</subfield>
  </datafield>
  <datafield tag="650" ind1=" " ind2="4">
    <subfield code="a">Familias</subfield>
    <subfield code="9">44286</subfield>
  </datafield>
  <datafield tag="653" ind1="0" ind2="5">
    <subfield code="a">Brasil</subfield>
  </datafield>
  <datafield tag="773" ind1=" " ind2=" ">
    <subfield code="g">No. 14 (2019), p. 189-206</subfield>
    <subfield code="t">Cuestiones de g&#xE9;nero : de la igualdad y la diferencia</subfield>
    <subfield code="x">1699-597X</subfield>
  </datafield>
  <datafield tag="856" ind1="4" ind2="0">
    <subfield code="u">http://revpubli.unileon.es/index.php/cuestionesdegenero/article/view/5747/4474</subfield>
  </datafield>
  <datafield tag="902" ind1=" " ind2=" ">
    <subfield code="a">GloriaJim&#xE9;nez/251022</subfield>
    <subfield code="b">GloriaJim&#xE9;nez/251022</subfield>
  </datafield>
  <datafield tag="905" ind1=" " ind2=" ">
    <subfield code="a">Articulo</subfield>
  </datafield>
  <datafield tag="942" ind1=" " ind2=" ">
    <subfield code="c">ART-E</subfield>
  </datafield>
  <datafield tag="952" ind1=" " ind2=" ">
    <subfield code="0">0</subfield>
    <subfield code="1">0</subfield>
    <subfield code="4">0</subfield>
    <subfield code="7">0</subfield>
    <subfield code="8">CAA</subfield>
    <subfield code="a">BCUPN50</subfield>
    <subfield code="b">BCUPN50</subfield>
    <subfield code="c">ENL</subfield>
    <subfield code="d">2022-11-25</subfield>
    <subfield code="l">0</subfield>
    <subfield code="r">2022-11-25 00:00:00</subfield>
    <subfield code="u">http://revpubli.unileon.es/index.php/cuestionesdegenero/article/view/5747/4474</subfield>
    <subfield code="w">2022-11-25</subfield>
    <subfield code="y">ART-E</subfield>
  </datafield>
  <datafield tag="999" ind1=" " ind2=" ">
    <subfield code="c">204216</subfield>
    <subfield code="d">204216</subfield>
  </datafield>
</record>
